000 00774nam a2200229Ii 4500
003 JO-AjNU
008 230605s9999||||xx |||||||||||||| ||und||
017 _a2005/9/2254
020 _a9957-38-051-6
040 _aJO-AjNU
_bara
_erda
_cJO-AjNU
041 _aara
050 1 4 _aPJ7745.R3289 2006
100 3 _aتأليف الرباعي،ربى عبد القادر,
_eauthor
_910922
245 0 0 _aالمعنى الشعري وجماليات التلقي في التراث النقدي والبلاغي
250 _aط1
264 3 1 _aعمان:دار الجيل،2006
300 _a336ص
336 _atext
_btxt
_2rdacontent
337 _aunmediated
_bn
_2rdamedia
338 _avolume
_bnc
_2rdacarrier
650 4 _a الشعر العربي - تاريخ و نقد
_910923
999 _aA2057
_c5625
_d5625